书目信息 |
| 题名: |
自然保护区建设与管理
|
|
| 作者: | 王献溥 , 崔国发 编著 | |
| 分册: | ||
| 出版信息: | 北京 化学工业出版社 2003 |
|
| 页数: | 420页 | |
| 开本: | 20cm | |
| 丛书名: | 生态·环境与生态工程丛书 | |
| 单 册: | ||
| 中图分类: | S759.9 | |
| 科图分类: | ||
| 主题词: | 自然保护区--建设 , 自然保护区--管理 , 自然保护区 | |
| 电子资源: | ||
| ISBN: | 7-5025-4381-3 | |
| 000 | 01093oam2 2200289 450 | |
| 001 | 002366774 | |
| 005 | 20070805110900.67 | |
| 010 | @a7-5025-4381-3@dCNY32.00 | |
| 100 | @a20030529e20052003em y0chiy50 ea | |
| 101 | 0 | @achi |
| 102 | @aCN@b110000 | |
| 105 | @ay z 000yy | |
| 106 | @ar | |
| 200 | 1 | @a自然保护区建设与管理@Azi ran bao hu qu jian she yu guan li@f王献溥,崔国发编著@Fwang xian pu, cui guo fa bian zhu |
| 210 | @a北京@c化学工业出版社@d2003@h2005重印 | |
| 215 | @a420页@d20cm | |
| 225 | 2 | @a生态·环境与生态工程丛书@Asheng tai· huan jing yu sheng tai gong cheng cong shu |
| 330 | @a本书结合中国的实际情况,详细论述了保护区的概念、分类、主要任务和基本功能、保护区的评价、保护区的有效管理的最低限度要求、保护区建设的主要任务等内容。 | |
| 461 | 0 | @1001012002045114@12001 @a生态·环境与生态工程丛书 |
| 606 | 0 | @a自然保护区@x建设 |
| 606 | 0 | @a自然保护区@x管理 |
| 606 | 0 | @a自然保护区 |
| 690 | @aS759.9@v4 | |
| 701 | 0 | @a王献溥@Awang xian pu@f(1929~)@4编著 |
| 701 | 0 | @a崔国发@Acui guo fa@c(环境保护)@4编著 |
| 801 | 0 | @aCN@bNLC@c20070805 |
| 905 | @dS759.9@e31@f4 | |
| 自然保护区建设与管理/王献溥,崔国发编著.-北京:化学工业出版社,2003(2005重印) |
| 420页;20cm.-(生态·环境与生态工程丛书) |
| ISBN 7-5025-4381-3:CNY32.00 |
| 本书结合中国的实际情况,详细论述了保护区的概念、分类、主要任务和基本功能、保护区的评价、保护区的有效管理的最低限度要求、保护区建设的主要任务等内容。 |
| ● |
| 相关链接 |
|
|
|
|
正题名:自然保护区建设与管理
索取号:S759.9/31
 
预约/预借
| 序号 | 登录号 | 条形码 | 馆藏地/架位号 | 状态 | 备注 |
| 1 | 0850876 | 208508765 | 第二样本阅览室/ [索取号:S759.9/31] | 在馆 | |
| 2 | 0850877 | 208508774 | 第三借阅区/ [索取号:S759.9/31] | 在馆 | |
| 3 | 0850878 | 208508783 | 第三借阅区/ [索取号:S759.9/31] | 在馆 | |
| 4 | 0850879 | 208508792 | 第三借阅区/ [索取号:S759.9/31] | 在馆 |